Get the Picture: Cities of Australia and New Zealand Quiz Stats

 Plays Quiz Updated Apr 25, 2019

Score 0/16 Timer 03:00
7 Plays Today
Question Answer Wrong Answers
Sydney Australia
97.9%
New Zealand
0.4%
Brisbane Australia
96.9%
New Zealand
1.4%
Adelaide Australia
94.6%
New Zealand
3.7%
Gold Coast Australia
94.2%
New Zealand
3.9%
Christchurch New Zealand
93%
Australia
5.1%
Auckland New Zealand
92.1%
Australia
6.2%
Darwin Australia
92%
New Zealand
6.3%
Rotorua New Zealand
90.8%
Australia
7.5%
Hobart Australia
85.7%
New Zealand
12.5%
Tauranga New Zealand
85.1%
Australia
13.1%
Newcastle Australia
83.9%
New Zealand
14.6%
Wollongong Australia
83.3%
New Zealand
14.9%
Dunedin New Zealand
81.4%
Australia
16.8%
Napier New Zealand
80%
Australia
18%
Nelson New Zealand
78.1%
Australia
20.1%
Hamilton New Zealand
77.1%
Australia
21.2%

Today's Daily Dose

You're not logged in!

Compare scores with friends on all Sporcle quizzes.
OR
Log In

Sporcle TV

Today on Sporcle TV


Watch our educational content, quiz creation guides, and fun videos on Sporcle TV.

Show Comments

Extras

Top Quizzes Today


Score Distribution

Your Account Isn't Verified!

In order to create a playlist on Sporcle, you need to verify the email address you used during registration. Go to your Sporcle Settings to finish the process.

Report this User

Report this user for behavior that violates our Community Guidelines.

Details: